The life story of John Knox. (Record no. 14274)

000 -LEADER
fixed length control field 00649nam a2200205 a 4500
001 - CONTROL NUMBER
control field :::00012103$&:&@@
003 - CONTROL NUMBER IDENTIFIER
control field OkBaRHE
005 - DATE AND TIME OF LATEST TRANSACTION
control field 20000607103416.0
008 - FIXED-LENGTH DATA ELEMENTS--GENERAL INFORMATION
fixed length control field s1951 j 000 0 eng u
040 ## - CATALOGING SOURCE
Transcribing agency
100 1# - MAIN ENTRY--PERSONAL NAME
Personal name Anderson, Arthur E.
245 14 - TITLE STATEMENT
Title The life story of John Knox.
260 ## - PUBLICATION, DISTRIBUTION, ETC. (IMPRINT)
Place of publication, distribution, etc Moline, IL., :
Name of publisher, distributor, etc Strombeck Press Inc.
Date of publication, distribution, etc c1951
300 ## - PHYSICAL DESCRIPTION
Extent 32 p. ;
Dimensions 23 cm.
650 ## - SUBJECT ADDED ENTRY--TOPICAL TERM
Topical term or geographic name as entry element Knox, John, 1505-1572
650 ## - SUBJECT ADDED ENTRY--TOPICAL TERM
Topical term or geographic name as entry element Reformation
General subdivision Scotland
-- Biography
650 ## - SUBJECT ADDED ENTRY--TOPICAL TERM
Topical term or geographic name as entry element Scotland
General subdivision Church History
-- 16th Century
942 ## - ADDED ENTRY ELEMENTS (KOHA)
Source of classification or shelving scheme
Koha item type Books
Copies
Shelving location Price effective from Damaged status Copy number Withdrawn status Lost status Permanent Location Barcode Koha item type Date acquired Source of classification or shelving scheme Date last seen Not for loan Full call number
General Stacks2010-04-14 1  RHEMA Bible Training College12103Books2010-04-14 2010-04-14 BX 9223 .A54